000 01078nam a22002897a 4500
001 77898
003 BD-RjUL
005 20211209083047.0
008 210208s1995 bg a|||| m||| 00| 0 eng d
035 _a(BD-RjUL)
040 _aBD-RjUL
_beng
_cBD-RjUL
_dBD-RjUL
041 _aeng
082 _a551.41
_223
_bSHH 1995
100 _aShaikh, Md. Abu Hanif
_9244559
245 1 0 _aHydro-Geomorphic Characteristics of the Tista Floodplain, Bangladesh /
_cby Md. Abu Hanif Shaikh ;
260 _aRajshahi:
_bDepartment of Geography, University of Rajshahi,
_c1995
300 _axix, 355 leaves :
_bIll. ;
_c29 cm.
502 _aThesis (Ph. D. ) -- Department of Geography, University of Rajshahi, 1995
504 _aBibliography: Leaves [327]- 355
600 _a
_d
_x
_9244919
650 _aGeomorphology
_9244576
650 _aFloods
_zBangladesh
_9244577
650 _aFlood control
_zBangladesh
_9244578
650 _aFloodplain management
_zBangladesh.
_9244579
650 _aFloods
_xSocial aspects
_zBangladesh.
_9244580
942 _2ddc
_cTHE
999 _c77898
_d77898